00656nam a2200193 a 4500008004100000020001800041050001600059100002000075245009400095260003700189300002100226350000900247650001400256650004400270650004000314650005100354650003600405700002100441100118s2008 ||||||||||||||||| || u a9781412945295 aHD 30.4 Bur aBurns, Robert B10aBusiness research methods and statistics using SPSScRobert B. Burns and Richard A. Burns aLondon:bSAGE Publicationsc2008 axii, 544p.: ill. a0.00 aCOMPUTING aBUSINESS--RESEARCH--STATISTICAL METHODS aBUSINESS--RESEARCH--DATA PROCESSING aSPSS (COMPUTER FILE)--EXERCISES, PROGRAMS, ETC aBUSINESS--RESEARCH--METHODOLOGY aBurns, Richard A